কুরবানী ও জাবীহুল্লাহ : (Record no. 6285)
[ view plain ]
| 000 -LEADER | |
|---|---|
| fixed length control field | 00892nam a2200217 a 4500 |
| 001 - CONTROL NUMBER | |
| JCCL Control Number | 6285 |
| 003 - CONTROL NUMBER IDENTIFIER | |
| JCCL marc code | BD-JhCC |
| 005 - DATE AND TIME OF LATEST TRANSACTION | |
| control field | 20180123183904.0 |
| 008 - FIXED-LENGTH DATA ELEMENTS--GENERAL INFORMATION | |
| fixed length control field | 180118s2010 bg ||||| ||a| 00| 0 en d |
| 035 ## - SYSTEM CONTROL NUMBER | |
| system control number | (BD-JhCC)6285 |
| 040 ## - CATALOGING SOURCE | |
| Original cataloging agency | BD-JhCC |
| Modifying agency | BD-JhCC |
| 041 ## - LANGUAGE CODE | |
| Language code of Book | ben and arabic |
| 082 ## - DEWEY DECIMAL CLASSIFICATION NUMBER | |
| Classification number | 297.8934 |
| Author mark and Year | JAH 2010 |
| 100 ## - MAIN ENTRY--PERSONAL NAME | |
| Personal name | জাহাঙ্গীর, খোন্দকার আব্দুল্লাহ |
| 245 ## - TITLE STATEMENT | |
| Title | কুরবানী ও জাবীহুল্লাহ : |
| Remainder of title | তাওরাত, যাবূর, ইঞ্জিল ও কোরআনের আলোকে / |
| Statement of responsibility, etc | খোন্দকার আব্দুল্লাহ জাহাঙ্গীর |
| 260 ## - PUBLICATION, DISTRIBUTION, ETC. (IMPRINT) | |
| Place of publication, distribution, etc | ঝিনাইদহ : |
| Name of publisher, distributor, etc | আস - সুন্নাহ পাবলিকেশন্স, |
| Date of publication, distribution, etc | 2010. |
| 300 ## - PHYSICAL DESCRIPTION | |
| Pagination | 56 p. : |
| Dimensions | 24 cm. |
| 650 ## - SUBJECT ADDED ENTRY--TOPICAL TERM | |
| Topical term or geographic name as entry element | animal sacrifise |
| 942 ## - ADDED ENTRY ELEMENTS (KOHA) | |
| Source of classification or shelving scheme | Dewey Decimal Classification |
| Koha item type | Books |
| Source of classification or shelving scheme | Damaged status | Not for loan | Home library | Current library | Shelving location | Cost, normal purchase price | Total Checkouts | Full call number | Barcode | Date last seen | Copy number | Koha item type |
|---|---|---|---|---|---|---|---|---|---|---|---|---|
| Dewey Decimal Classification | JCC Rouf Library | JCC Rouf Library | General Stacks | 30.00 | 297.8934 JAH 2010 | 674 | 01/18/2018 | C - 1 | Books | |||
| Dewey Decimal Classification | JCC Rouf Library | JCC Rouf Library | General Stacks | 297.8934 JAH 2010 | 677 | 01/18/2018 | C - 2 | Books |